Funūn al-taṣwīr al-muʻāṣirah (Record no. 46484)
[ view plain ]
| 000 -LEADER | |
|---|---|
| fixed length control field | 00752cam a22002291 4500 |
| 001 - CONTROL NUMBER | |
| control field | ne 63002519 |
| 003 - CONTROL NUMBER IDENTIFIER | |
| control field | DLC |
| 005 - DATE AND TIME OF LATEST TRANSACTION | |
| control field | 20260227111753.0 |
| 008 - FIXED-LENGTH DATA ELEMENTS--GENERAL INFORMATION | |
| fixed length control field | 900504s1961 ua a 000 0 ara |
| 010 ## - LIBRARY OF CONGRESS CONTROL NUMBER | |
| LC control number | ne 63002519 |
| 025 ## - OVERSEAS ACQUISITION NUMBER | |
| Overseas acquisition number | PL480:UAR-253 |
| 035 ## - SYSTEM CONTROL NUMBER | |
| System control number | (OCoLC)21479803 |
| 040 ## - CATALOGING SOURCE | |
| Original cataloging agency | DLC |
| Transcribing agency | WaU |
| Modifying agency | WaU |
| -- | DLC |
| 042 ## - AUTHENTICATION CODE | |
| Authentication code | premarc |
| 050 00 - LIBRARY OF CONGRESS CALL NUMBER | |
| Classification number | ND160 |
| Item number | .J23 |
| 100 1# - MAIN ENTRY--PERSONAL NAME | |
| Personal name | Jabākhanjī, Muḥammad Ṣidqī. |
| 245 10 - TITLE STATEMENT | |
| Title | Funūn al-taṣwīr al-muʻāṣirah |
| Statement of responsibility, etc. | [taʼlīf] Muh̄ammad Ṣidqī al-Jabākhanjī. |
| 260 ## - PUBLICATION, DISTRIBUTION, ETC. | |
| Place of publication, distribution, etc. | [al-Qāhirah] |
| Name of publisher, distributor, etc. | Wizārat al-Thaqāfah wa-al-Irshad al-Qawmī, al-Idārah al-ʻĀmmah lil-Thaqāfah, |
| Date of publication, distribution, etc. | 1961. |
| 300 ## - PHYSICAL DESCRIPTION | |
| Extent | 143 p. |
| Other physical details | illus. |
| Dimensions | 17 cm. |
| 440 #0 - SERIES STATEMENT/ADDED ENTRY--TITLE | |
| Title | Maktabah al-thaqāfīyah ; |
| Volume/sequential designation | 31 |
| 650 #0 - SUBJECT ADDED ENTRY--TOPICAL TERM | |
| Topical term or geographic name entry element | Painting |
| General subdivision | History. |
No items available.